[Event "AUT-chT2M 1516"]
[Site "Austria"]
[Date "2015.11.14"]
[Round "4.1"]
[White "Maier, Christoph"]
[Black "Knoll, Hermann"]
[Result "0-1"]
[WhiteElo "2121"]
[BlackElo "2319"]
[PlyCount "78"]
[EventDate "2015.10.02"]
[EventType "team-tourn"]
[EventRounds "11"]
[EventCountry "AUT"]
[SourceTitle "EXT 2017"]
[Source "ChessBase"]
[SourceDate "2016.10.25"]
[SourceVersion "1"]
[SourceVersionDate "2016.10.25"]
[SourceQuality "1"]
[WhiteTeam "Sauwald II"]
[BlackTeam "Ansfelden"]
[WhiteTeamCountry "AUT"]
[BlackTeamCountry "AUT"]

1. e4 c5 2. Nf3 d6 3. d4 cxd4 4. Nxd4 Nf6 5. Nc3 a6 6. Bg5 e6 7. f4 Nbd7 8. Qf3 Qc7 9. 0-0-0 b5 10. g4 Bb7 11. Bd3 Qb6 12. Bxf6 gxf6 13. Nce2 0-0-0 14. Kb1 Kb8 15. Rhg1 Be7 16. h4 Nc5 17. Qe3 d5 18. e5 Ne4 19. g5 f5 20. Nxf5 Qxe3 21. Nxe3 Bc5 22. Bxe4 Bxe3 23. Bf3 Bxg1 24. Rxg1 d4 25. Bxb7 Kxb7 26. Rd1 h6 27. Nc1 hxg5 28. hxg5 Rh4 29. Nd3 Rdh8 30. Kc1 Rh1 31. Nf2 Rxd1+ 32. Kxd1 Kc6 33. Ke2 Kd5 34. a3 a5 35. b3 a4 36. b4 Rc8 37. Kd2 Rc3 38. Ng4 Ke4 39. Nh6 Rc7 0-1

[Event "Donau op 21st"]
[Site "Aschach"]
[Date "2012.12.31"]
[Round "7"]
[White "Maier, Christoph"]
[Black "Kessler, Luca"]
[Result "0-1"]
[WhiteElo "1937"]
[BlackElo "2234"]
[PlyCount "80"]
[EventDate "2012.12.26"]
[EventType "swiss"]
[EventRounds "7"]
[EventCountry "AUT"]
[SourceTitle "CBM 152 Extra"]
[Source "ChessBase"]
[SourceDate "2013.02.25"]
[SourceVersion "1"]
[SourceVersionDate "2013.02.25"]
[SourceQuality "1"]

1. e4 c6 2. d4 d5 3. Nc3 g6 4. exd5 cxd5 5. Bf4 Nf6 6. Bd3 Bg7 7. Nce2 0-0 8. c3 Nc6 9. h3 Bf5 10. Nf3 Bxd3 11. Qxd3 a6 12. 0-0 b5 13. Ne5 Qb6 14. Rfe1 e6 15. Qe3 Rfc8 16. Rac1 b4 17. Ng3 Nxe5 18. Bxe5 bxc3 19. Rxc3 Qxb2 20. Rb3 Qxa2 21. Reb1 Qa5 22. Rb6 Nd7 23. Bxg7 Kxg7 24. Rb7 Qd8 25. Qf4 Rcb8 26. Qd6 Rxb7 27. Rxb7 Nf8 28. Qa3 a5 29. Ne2 Ra6 30. Nf4 Qd6 31. Qf3 Nd7 32. Nd3 Rb6 33. Rxb6 Qxb6 34. Qe3 Nf6 35. Nc5 Qb5 36. Qe5 Qb1+ 37. Kh2 Qf5 38. Qc7 a4 39. Nxa4 Qxf2 40. Nc5 Qe3 0-1

[Event "AUT-ch U16"]
[Site "Untersiebenbrunn"]
[Date "2012.04.05"]
[Round "7"]
[White "Maier, Christoph"]
[Black "Varga, Johannes"]
[Result "1-0"]
[WhiteElo "1870"]
[BlackElo "1669"]
[PlyCount "113"]
[EventDate "2012.04.01"]
[EventType "swiss"]
[EventRounds "7"]
[EventCountry "AUT"]
[SourceTitle "CBM 147 Extra"]
[Source "ChessBase"]
[SourceDate "2012.04.24"]
[SourceVersion "1"]
[SourceVersionDate "2012.04.24"]
[SourceQuality "1"]

1. e4 e6 2. d4 d5 3. Nd2 Nf6 4. e5 Nfd7 5. Bd3 c5 6. c3 Nc6 7. Ne2 Be7 8. Nf3 b6 9. Bf4 Bb7 10. Rc1 Rc8 11. a3 a6 12. b4 c4 13. Bb1 b5 14. Qd2 a5 15. h4 h5 16. Qe3 axb4 17. axb4 Nxb4 18. cxb4 Bxb4+ 19. Nc3 Qa5 20. 0-0 Bxc3 21. Qxc3 b4 22. Qe3 Nb6 23. Ng5 b3 24. Qh3 Ke7 25. Bg6 Rc6 26. Nxf7 Rf8 27. Bg5+ Kd7 28. Ra1 Qb5 29. Bd2 Na4 30. Nd6 Rxd6 31. exd6 Kxd6 32. Rfe1 Bc8 33. Qg3+ Kc6 34. Bc3 Bd7 35. Rxa4 Qxa4 36. Ra1 Qb5 37. Ra5 Qb8 38. Qxb8 Rxb8 39. Ra1 Be8 40. Bxe8+ Rxe8 41. g3 Kb7 42. Kg2 Ra8 43. Rxa8 Kxa8 44. Kf3 Kb7 45. Kf4 Kc6 46. Ke5 Kd7 47. f3 Ke7 48. g4 g6 49. gxh5 gxh5 50. f4 Kd7 51. f5 exf5 52. Kxf5 Kd6 53. Kf6 Kd7 54. Ke5 Ke7 55. Kxd5 Kf6 56. Kxc4 Kf5 57. Kxb3 1-0

[Event "AUT-ch U14"]
[Site "Eisenstadt"]
[Date "2010.05.25"]
[Round "7.7"]
[White "Maier, Christoph"]
[Black "Rauchlahner, Robert Jr"]
[Result "1/2-1/2"]
[WhiteElo "1535"]
[BlackElo "1582"]
[PlyCount "68"]
[EventDate "2010.05.22"]
[EventType "swiss"]
[EventRounds "7"]
[EventCountry "AUT"]
[SourceTitle "EXT 2024"]
[Source "ChessBase"]
[SourceDate "2023.10.10"]
[SourceVersion "1"]
[SourceVersionDate "2023.10.10"]
[SourceQuality "1"]

1. e4 c5 2. Nf3 d6 3. d4 cxd4 4. Nxd4 Nf6 5. Nc3 g6 6. Be3 Bg7 7. f3 0-0 8. Qd2 Bd7 9. Bc4 Nc6 10. 0-0-0 Rc8 11. Bb3 Ne5 12. h4 Nc4 13. Bxc4 Rxc4 14. g4 h5 15. Bh6 Rxd4 16. Qxd4 Bxh6+ 17. g5 Bg7 18. gxf6 Bxf6 19. Qe3 Qa5 20. Nd5 Qxa2 21. Nxf6+ exf6 22. Qa3 Qc4 23. Rxd6 Be6 24. Rhd1 Rc8 25. Rd8+ Kh7 26. Rxc8 Qxc8 27. Qc3 Qxc3 28. bxc3 g5 29. Rh1 Kg6 30. Kd2 f5 31. Ke3 fxe4 32. fxe4 gxh4 33. Rxh4 Kg5 34. Rh1 h4 1/2-1/2